zpět

Detail výsledku týmu

U Lucerny ST, Brno

Datum a čas kvízu

31 Celkem bodů Celkový počet nahraných bodů na tomto kvízu bez doplňovacích otázek.
4. Pořadí na kvízu Konečné umístění týmu na tomto kvízu.

Zaznamenané odpovědi

# Otázka Odpověď Body Výsledky
1. Jedné z českých zoologických z... Zlín 1
2. Slovenský premiér Igor Matovič... plagiátorství 1
3. Do Česka se po třech letech vr... Pearl Jam 0
4. Poslední Boeing 747 (přezdívan... Nad australskými vodami vykroužil siluetu klokana. 1
5. Pandemie koronaviru zapříčinil... Zlatý míč 1
6. Nyní se podíváme na některé dr... Závěsné popruhy. 1
7. Při následujícím tréninku použ... BOSU 1
8. Na fotografii vidíme jeden z n... plank (též prkno) 1
9. Sportovní aktivity často prová... 1 kcal = 4 kJ 1
10. Na závěr tématu si pustíme vid... Jumping 1